In the country of last things / (Registro nro. 30650)

Detalles MARC
000 -LEADER
fixed length control field 00382nam a22001337a 4500
008 - FIXED-LENGTH DATA ELEMENTS--GENERAL INFORMATION
fixed length control field 240220b |||||||| |||| 00| 0 eng d
020 ## - INTERNATIONAL STANDARD BOOK NUMBER
International Standard Book Number 9780140097054
082 ## - DEWEY DECIMAL CLASSIFICATION NUMBER
Classification number A-N
Item number AUSI
100 ## - MAIN ENTRY--PERSONAL NAME
Personal name Auster, Paul
Relator term autor
9 (RLIN) 43461
245 ## - TITLE STATEMENT
Title In the country of last things /
Statement of responsibility, etc. Paul Auster
260 ## - PUBLICATION, DISTRIBUTION, ETC.
Place of publication, distribution, etc. United states:
Name of publisher, distributor, etc. Penguin books,
Date of publication, distribution, etc. 1988
300 ## - PHYSICAL DESCRIPTION
Extent 188 páginas;
Dimensions 20 cm.
942 ## - ADDED ENTRY ELEMENTS (KOHA)
Source of classification or shelving scheme Dewey Decimal Classification
Existencias
Withdrawn status Lost status Source of classification or shelving scheme Damaged status Not for loan Home library Current library Date acquired Total Checkouts Full call number Barcode Date last seen Date last checked out Price effective from Koha item type Public note
    Dewey Decimal Classification     Biblored Biblioteca Pública José María del Castillo y Rada 02/16/2024 1 A-N AUSI 35714005653970 02/27/2024 02/27/2024 02/20/2024 Books Material interbibliotecario Bibliored